| 000 | 01271nam a2200253Ia 4500 | ||
|---|---|---|---|
| 003 | Ost | ||
| 005 | 20260507075717.0 | ||
| 008 | 260507s9999||||xx |||||||||||||| ||und|| | ||
| 020 | _a9789931248606 | ||
| 040 | _cfsecg | ||
| 041 | _aara | ||
| 082 | _a658.152 | ||
| 100 |
_aنقيقش، صبرينة _eمؤلف |
||
| 245 | 0 |
_aالمعايير الاحترافية لإدارة السيولة المصرفية وفق لجنة بازل المقررات 1و2و3 / _c صبرينة نقيقش |
|
| 260 |
_aالجزائر: _bدار الباحث للطباعة والنشر والتوزيع, _c2023 |
||
| 300 |
_a117 صفحة؛ _bإيضاحات ؛ _c24 سم |
||
| 504 | _aالمراجع ص.108 | ||
| 520 | _a يتناول هذا الكتاب موضوع إدارة السيولة المصرفية، مع التركيز على دور لجنة بازل في وضع المعايير الدولية لهذا المجال، بالاضافة الى الإطار العالمي لإدارة مخاطر السيولة. | ||
| 653 | _aإدارة السيولة المصرفية | ||
| 653 | _aالسيولة المصرفية - المعايير الدولية | ||
| 653 | _aلجنة بازل | ||
| 700 |
_aسايل، عبد الرزاق _eمؤلف ثانوي |
||
| 942 | _cكتاب | ||
| 999 |
_c45922 _d45922 |
||